000 00792nam a2200241Ia 4500
003 OSt
005 20220923211450.0
006 a|||||r|||| 00| 0
007 ta
008 Pun
020 _a9789350687116 (hbk)
_c300
024 _a282,368
037 _b853, 12/08/2014, H.K. Prakashan
_cTextual
040 _aARTS
_cARTS
_bPun
041 _2Pun
_aPun
082 _aNW44, 153Q4
100 _aਸਰਾਂ, ਕੁਲਵਿੰਦਰ ਸਿੰਘ
_9159453
245 0 _aਭਾਰਤੀ ਸਿਨੇਮਾ ਦੇ ਸੌ ਵਰ੍ਹੇ
260 _aਚੰਡੀਗੜ
_b ਲੋਕਗੀਤ
_c2014
300 _a350ਪੰ
_ccm.
942 _hNW44, 153Q4
_cTEXL
_2CC
999 _c299796
_d299796